Southville International School and Colleges
Your cart is empty.
  • Cart
  • Lists
    Public lists Eva Luna New books Lux_list list_1
    Your lists Log in to create your own lists
  • Log in to your account
  • Your cookies
  • Search history
Southville International School and Colleges
  • Advanced search
  • Recent comments
  • Most popular
  • Libraries

Log in to your account

Log in with GOOGLE


If you do not have an external account, but do have a local account, you can still log in:

  1. Home
  2. MARC view: Tourism planning in 21st century /
Normal view MARC view ISBD view

Tourism planning in 21st century / (Record no. 22881)

[ view plain ]
MARC details
000 -LEADER
fixed length control field 00541nam a2200193 a 4500
003 - CONTROL NUMBER IDENTIFIER
control field PILC
005 - DATE AND TIME OF LATEST TRANSACTION
control field 20160222071919.0
008 - FIXED-LENGTH DATA ELEMENTS--GENERAL INFORMATION
fixed length control field 080204s19uu xx 00 eng d
020 ## - INTERNATIONAL STANDARD BOOK NUMBER
International Standard Book Number 8189582046
050 ## - LIBRARY OF CONGRESS CALL NUMBER
Classification number G 155
Item number .T196 2006
100 ## - MAIN ENTRY--PERSONAL NAME
Personal name Tarun, Nikuj.
245 ## - TITLE STATEMENT
Title Tourism planning in 21st century /
Statement of responsibility, etc Nikuj Tarun.
260 ## - PUBLICATION, DISTRIBUTION, ETC. (IMPRINT)
Place of publication, distribution, etc New Delhi :
Name of publisher, distributor, etc Alfa Publications,
Date of publication, distribution, etc 2006.
300 ## - PHYSICAL DESCRIPTION
Extent 275 pages ;
Dimensions 23 cm.
500 ## - GENERAL NOTE
General note Includes bibliographical references and index.
650 ## - SUBJECT ADDED ENTRY--TOPICAL TERM
Topical term or geographic name as entry element Tourism.
942 ## - ADDED ENTRY ELEMENTS (KOHA)
Koha item type Books
Source of classification or shelving scheme Library of Congress Classification
Call number prefix Foreign
Holdings
Withdrawn status Lost status Source of classification or shelving scheme Damaged status Home library Current library Shelving location Date acquired Source of acquisition Cost, normal purchase price Total Checkouts Full call number Barcode Date last seen Copy number Price effective from Koha item type
    Library of Congress Classification   College Library College Library General Circulation Section 02/04/2008 Library Fund 3284.00   G 155 .T196 2006 C9135 05/15/2018 1 10/18/2013 Books

Tourism planning in 21st century /

APA

Tarun N., . (2006). Tourism planning in 21st century. New Delhi: Alfa Publications.

Chicago

Tarun Nikuj, . 2006. Tourism planning in 21st century. New Delhi: Alfa Publications.

Harvard

Tarun N., . (2006). Tourism planning in 21st century. New Delhi: Alfa Publications.

MLA

Tarun Nikuj, . Tourism planning in 21st century. New Delhi: Alfa Publications. 2006.

  • Place hold
  • Print
  • Cite
  • Add to your cart (remove)
  • Save record
    BIBTEX Dublin Core MARCXML MARC (non-Unicode/MARC-8) MARC (Unicode/UTF-8) MARC (Unicode/UTF-8, Standard) MODS (XML) RIS
  • More searches
    Search for this title in:
    Other Libraries (WorldCat) Other Databases (Google Scholar) Online Stores (Bookfinder.com) Open Library (openlibrary.org)

Exporting to Dublin Core...

SOUTHVILLE LIBRARY

Southville International School and Colleges Library

1281 Tropical Ave. Cor. Luxembourg St., BF Homes International, Las Pinas City

Tel. No. 8256374 / 252358 Loc. 117/146

Powered by Koha